Проблемы Западно-Сибирского металлургического комплекса и перспективы его развития в начале третьего тысячелетия; Современные техника и технологии; Т. 1

Podrobná bibliografie
Parent link:Современные техника и технологии: сборник трудов XIX международной научно-практической конференции студентов, аспирантов и молодых ученых, Томск, 15-19 апреля 2013 г./ Национальный исследовательский Томский политехнический университет (ТПУ).— , 2013
Т. 1.— 2013.— [С. 251-252]
Hlavní autor: Едешева Ч. В.
Korporativní autor: Национальный исследовательский Томский политехнический университет (ТПУ) Юргинский технологический институт (филиал) (ЮТИ) Кафедра металлургии и черных металлов (МЧМ)
Další autoři: Апасов А. М. Александр Михайлович (научный руководитель)
Shrnutí:Заглавие с титульного экрана
Jazyk:ruština
Vydáno: 2013
Edice:Технология, оборудование и автоматизация машиностроительных производств
Témata:
On-line přístup:http://www.lib.tpu.ru/fulltext/c/2013/C01/V1/123.pdf
Médium: Elektronický zdroj Kapitola
KOHA link:https://koha.lib.tpu.ru/cgi-bin/koha/opac-detail.pl?biblionumber=243137

MARC

LEADER 00000naa2a2200000 4500
001 243137
005 20251217105359.0
035 |a (RuTPU)RU\TPU\book\264473 
035 |a RU\TPU\book\264471 
090 |a 243137 
100 |a 20130919d2013 k y0rusy50 ca 
101 0 |a rus 
102 |a RU 
135 |a drnn ---uucaa 
181 0 |a i  
182 0 |a b 
200 1 |a Проблемы Западно-Сибирского металлургического комплекса и перспективы его развития в начале третьего тысячелетия  |f Ч. В. Едешева  |g науч. рук. А. М. Апасов 
203 |a Текст  |c электронный 
225 1 |a Технология, оборудование и автоматизация машиностроительных производств 
300 |a Заглавие с титульного экрана 
320 |a [Библиогр.: с. 252 (6 назв.)] 
337 |a Adobe Reader 
461 1 |0 (RuTPU)RU\TPU\book\263794  |t Современные техника и технологии  |o сборник трудов XIX международной научно-практической конференции студентов, аспирантов и молодых ученых, Томск, 15-19 апреля 2013 г.  |o в 3 т.  |f Национальный исследовательский Томский политехнический университет (ТПУ)   |d 2013 
463 1 |0 (RuTPU)RU\TPU\book\263795  |t Т. 1  |v [С. 251-252]  |d 2013 
610 1 |a труды учёных ТПУ 
610 1 |a электронный ресурс 
610 1 |a Западно-Сибирский металлургический комбинат 
610 1 |a проблемы 
610 1 |a перспективы развития 
700 1 |a Едешева  |b Ч. В. 
702 1 |a Апасов  |b А. М.  |c специалист в области металлургии  |c доцент Юргинского технологического института Томского политехнического университета, кандидат технических наук  |c заведующий кафедрой металлургии черных металлов  |f 1950-  |g Александр Михайлович  |4 727 
712 0 2 |a Национальный исследовательский Томский политехнический университет (ТПУ)  |b Юргинский технологический институт (филиал) (ЮТИ)  |b Кафедра металлургии и черных металлов (МЧМ)  |3 (RuTPU)RU\TPU\col\18892 
801 2 |a RU  |b 63413507  |c 20160726  |g RCR 
856 4 |u http://www.lib.tpu.ru/fulltext/c/2013/C01/V1/123.pdf 
942 |c CF